[Event "Olexa Memorial op-B"]
[Site "Brno"]
[Date "2001.12.29"]
[Round "6.11"]
[White "Prokop, Petr"]
[Black "Merta, Miroslav"]
[Result "1-0"]
[WhiteElo "1562"]
[BlackElo "1562"]
[PlyCount "104"]
[EventDate "2001.12.26"]
[EventType "swiss"]
[EventRounds "9"]
[EventCountry "CZE"]
[SourceTitle "EXT 2003"]
[Source "ChessBase"]
[SourceDate "2002.11.25"]
[SourceVersion "1"]
[SourceVersionDate "2002.11.25"]
[SourceQuality "1"]

1. e4 e5 2. Nf3 Nc6 3. Bc4 Nf6 4. Nc3 Be7 5. 0-0 0-0 6. d3 d6 7. h3 Na5 8. Bb3 Nxb3 9. axb3 c6 10. Be3 Nd7 11. Ne2 Nb6 12. c4 f6 13. Qd2 Be6 14. b4 f5 15. exf5 Bxf5 16. Ng3 Bxh3 17. Nxe5 Bxg2 18. Bxb6 axb6 19. Rxa8 Qxa8 20. Nd7 Bxf1 21. Nxf8 Bxd3 22. Qxd3 Qxf8 23. b3 Bh4 24. Ne4 Qf5 25. f3 Qg6+ 26. Kf1 Be7 27. Qe2 Qe6 28. Qa2 Qh3+ 29. Qg2 Qxg2+ 30. Kxg2 d5 31. cxd5 cxd5 32. Nc3 d4 33. Nd5 Bd8 34. b5 Kf7 35. Kf2 Ke6 36. Nf4+ Kf5 37. Nd3 h5 38. Kg2 g5 39. Kg3 Be7 40. Kg2 Bd6 41. Kh3 g4+ 42. fxg4+ hxg4+ 43. Kg2 Bf4 44. Nf2 Be3 45. Nd3 Ke4 46. Nb2 d3 47. Kg3 d2 48. Kxg4 Bd4 49. Nd1 Kd3 50. Kf3 Kc2 51. Ke2 Kc1 52. b4 Kc2 1-0